Komparácia názorov na sociálnu zrelosť u denných a externých študentov

Pojem sociálna zrelosť. Komparácia názorov denných a externých študentov na problematiku sociálnej zrelosti.

Enregistré dans:
Détails bibliographiques
Auteur principal: Mišún, Juraj, 1978-
Autres auteurs: Mišúnová Hudáková, Ivana, 1976-
Format: Chapitre de livre
Langue:slovaque
Sujets:
Tags: Ajouter un tag
Pas de tags, Soyez le premier à ajouter un tag!

MARC

LEADER 00000naa a2200000 4500
001 0190010
005 20240503095820.3
041 0 |a slo 
044 |a SK 
245 1 0 |a Komparácia názorov na sociálnu zrelosť u denných a externých študentov  |c Juraj Mišún, Ivana Mišúnová Hudáková 
520 |a Pojem sociálna zrelosť. Komparácia názorov denných a externých študentov na problematiku sociálnej zrelosti. 
610 2 0 |a kompetencie 
610 2 0 |a študenti 
610 2 0 |a inteligencia sociálna 
610 2 0 |a rozvoj trvalo udržateľný 
610 2 0 |a emócie 
100 1 |a Mišún, Juraj, 1978- 
700 1 |a Mišúnová Hudáková, Ivana, 1976-